Agency 2012 (Record no. 84086)
[ view plain ]
| 000 -LEADER | |
|---|---|
| fixed length control field | 01064cab a22001935a 4500 |
| 001 - CONTROL NUMBER | |
| control field | L156569 |
| 008 - FIXED-LENGTH DATA ELEMENTS--GENERAL INFORMATION | |
| fixed length control field | 120611e2012 xxk 000 0 eng d |
| 035 ## - SYSTEM CONTROL NUMBER | |
| System control number | (Sirsi) u156569 |
| 041 0# - LANGUAGE CODE | |
| Language code of text/sound track or separate title | eng |
| 110 2# - MAIN ENTRY--CORPORATE NAME | |
| Corporate name or jurisdiction name as entry element | Property Week |
| 9 (RLIN) | 1549 |
| 245 00 - TITLE STATEMENT | |
| Title | Agency 2012 |
| Remainder of title | a grinding recovery |
| 260 ## - PUBLICATION, DISTRIBUTION, ETC. | |
| Date of publication, distribution, etc. | 2012 |
| 490 #0 - SERIES STATEMENT | |
| Series statement | Property Week |
| Volume/sequential designation | 78(23) 8 June 2012, 26-29(4) |
| 520 ## - SUMMARY, ETC. | |
| Summary, etc. | The 2012 survey of UK property services firms (PSFs) shows business continuing to improve slowly. The combined turnover of the top 60 firms increased by £128.3m, 5.8% up on 2011. However 24 firms suffered a drop in revenue. Nine out of 60 firms are expecting to be involved in mergers and acquisitions in the next year and over half the firms expect to increase staffing. League tables cover: top 60 PSFs ranked by UK turnover; top 60 PSFs ranked by UK turnover per fee-earner; top five European PSFs ranked by European turnover; and top five global PSFs firms ranked by worldwide turnover. |
| 590 ## - LOCAL NOTE (RLIN) | |
| Local note | KA |
| 651 #4 - SUBJECT ADDED ENTRY--GEOGRAPHIC NAME | |
| Geographic name | International |
| 690 ## - LOCAL SUBJECT ADDED ENTRY--TOPICAL TERM (OCLC, RLIN) | |
| Topical term or geographic name as entry element | Commercial property |
| 9 (RLIN) | 6227 |
| 942 ## - ADDED ENTRY ELEMENTS (KOHA) | |
| Suppress in OPAC | 0 |
| Withdrawn status | Lost status | Source of classification or shelving scheme | Damaged status | Not for loan | Home library | Current library | Shelving location | Date acquired | Total Checkouts | Full call number | Barcode | Date last seen | Copy number | Price effective from | Koha item type |
|---|---|---|---|---|---|---|---|---|---|---|---|---|---|---|---|
| Dewey Decimal Classification | London | London | Journal article | 11/06/2012 | L156569 | 156569-1001 | 06/08/2019 | 1 | 06/08/2019 | Journal article |